[Event "Titled Tuesday intern op 12th Mar Late"]
[Site "Chess.com INT"]
[Date "2024.03.12"]
[Round "4"]
[White "Bauml, Broderick Kenneth"]
[Black "Osmak, Iulija"]
[Result "0-1"]
[WhiteElo "2071"]
[BlackElo "2452"]
[PlyCount "116"]
[EventDate "2024.03.12"]
[EventType "swiss (blitz)"]
[EventRounds "11"]
[EventCountry "USA"]
[SourceTitle "CB12_2024"]
[SourceDate "2023.10.01"]
[SourceVersion "1"]
[SourceVersionDate "2023.10.01"]
[SourceQuality "1"]

1. e4 c5 2. Nc3 Nc6 3. Bb5 g6 4. Bxc6 dxc6 5. d3 Bg7 6. Be3 b6 7. Qd2 e5 8. h3 Nf6 9. Bh6 0-0 10. Bxg7 Kxg7 11. f4 exf4 12. Qxf4 Nh5 13. Qf2 Qd4 14. Qd2 Ng3 15. Nge2 Qe5 16. Nxg3 Qxg3+ 17. Qf2 Qxf2+ 18. Kxf2 f5 19. Ke3 f4+ 20. Kf3 g5 21. Nd1 h5 22. Nf2 Be6 23. Rag1 Rad8 24. Ke2 a5 25. a3 c4 26. g3 Kh6 27. gxf4 Rxf4 28. Rg2 cxd3+ 29. cxd3 Rdf8 30. Rhg1 c5 31. Rh2 a4 32. Rg3 h4 33. Rg1 Rf3 34. Ng4+ Kh5 35. Nf2 Rg3 36. Rhg2 Rff3 37. Rxg3 Rxg3 38. Rh1 c4 39. dxc4 Bxc4+ 40. Kd2 Be6 41. e5 Kg6 42. Rf1 Bxh3 43. Nxh3 Rxh3 44. e6 Rh2+ 45. Kd1 Rh3 46. Re1 Rd3+ 47. Ke2 Rd8 48. Kf3 Re8 49. Kg4 Kf6 50. Rf1+ Kxe6 51. Kxg5 Rh8 52. Kg4 h3 53. Rh1 h2 54. Kg3 Kd5 55. Kg2 Kc4 56. Rd1 h1Q+ 57. Rxh1 Rxh1 58. Kxh1 Kb3 0-1

[Event "Titled Tuesday intern op 27th Feb Late"]
[Site "Chess.com INT"]
[Date "2024.02.27"]
[Round "2"]
[White "Bauml, Broderick Kenneth"]
[Black "Aggelis, Nikolaos"]
[Result "0-1"]
[WhiteElo "2071"]
[BlackElo "2285"]
[PlyCount "142"]
[EventDate "2024.02.27"]
[EventType "swiss (blitz)"]
[EventRounds "11"]
[EventCountry "USA"]
[SourceTitle "CB10_2024"]
[SourceDate "2024.03.06"]
[SourceVersion "1"]
[SourceVersionDate "2024.03.06"]
[SourceQuality "1"]

1. e4 c6 2. d4 d5 3. exd5 cxd5 4. Bd3 Nf6 5. c3 g6 6. Bf4 Bg7 7. Nf3 0-0 8. 0-0 Nc6 9. Nbd2 Bf5 10. Ne5 Qb6 11. Qc2 Be6 12. Ndf3 Rac8 13. Qe2 Rfe8 14. h3 Nd7 15. Rfe1 Ndxe5 16. Nxe5 Nxe5 17. Bxe5 f6 18. Bf4 Bf7 19. Qd2 e5 20. Be3 Qc7 21. Bb5 Red8 22. Ba4 a6 23. Bb3 e4 24. Bf4 Qd7 25. Bh6 f5 26. Bxg7 Kxg7 27. h4 h6 28. Qf4 Qe7 29. g3 Qd6 30. Qxd6 Rxd6 31. Kf1 g5 32. hxg5 hxg5 33. Ke2 Bh5+ 34. Ke3 Bf3 35. Bd1 Bxd1 36. Raxd1 Rh6 37. Rh1 Rch8 38. Rxh6 Rxh6 39. Ke2 f4 40. b3 Rh2 41. Rg1 Kf6 42. c4 e3 43. gxf4 gxf4 44. Rf1 dxc4 45. bxc4 Kf5 46. Kf3 Rh3+ 47. Ke2 Ke4 48. fxe3 Rxe3+ 49. Kd2 Rd3+ 50. Kc2 Rxd4 51. Kc3 Rd3+ 52. Kb4 Rd2 53. a3 f3 54. c5 Ke3 55. Rh1 f2 56. Kc3 Ra2 57. Rh8 Rxa3+ 58. Kb2 Ra5 59. Re8+ Kf3 60. Rf8+ Kg2 61. Rg8+ Kf1 62. Rg7 Rb5+ 63. Ka3 Rxc5 64. Rxb7 Ra5+ 65. Kb4 Rb5+ 66. Rxb5 axb5 67. Ka5 b4 68. Kxb4 Ke1 69. Kc3 f1Q 70. Kc2 Qf4 71. Kb2 Qc4 0-1

[Event "Titled Tuesday intern op 06th Feb Late"]
[Site "Chess.com INT"]
[Date "2024.02.06"]
[Round "3"]
[White "Bauml, Broderick Kenneth"]
[Black "Kochiev, Ivan"]
[Result "1-0"]
[WhiteElo "2071"]
[BlackElo "2051"]
[PlyCount "35"]
[EventDate "2024.02.06"]
[EventType "swiss (blitz)"]
[EventRounds "11"]
[EventCountry "USA"]
[SourceTitle "CB07_2024"]
[SourceDate "2024.02.14"]
[SourceVersion "1"]
[SourceVersionDate "2024.02.14"]
[SourceQuality "1"]

1. e4 e5 2. Nf3 Nf6 3. Nc3 Nc6 4. g3 d5 5. exd5 Nxd5 6. Bg2 Be6 7. 0-0 Be7 8. Re1 f6 9. d4 exd4 10. Nxd4 Nxc3 11. bxc3 Nxd4 12. cxd4 Qd7 13. Qe2 Kf7 14. d5 Bg4 15. Qc4 Bd6 16. Bf4 Bxf4 17. d6+ Be6 18. Rxe6 1-0

[Event "World op 51st"]
[Site "Philadelphia"]
[Date "2023.07.01"]
[Round "3"]
[White "Bauml, Broderick Kenneth"]
[Black "Slade, Theodore"]
[Result "0-1"]
[WhiteElo "1792"]
[BlackElo "1992"]
[PlyCount "58"]
[EventDate "2023.06.30"]
[EventType "swiss"]
[EventRounds "9"]
[EventCountry "USA"]
[SourceTitle "CBM 215 Extra"]
[Source "ChessBase"]
[SourceDate "2023.09.30"]
[SourceVersion "1"]
[SourceVersionDate "2023.09.30"]
[SourceQuality "1"]

1. e4 e5 2. Nf3 Nc6 3. d4 exd4 4. Nxd4 Nf6 5. Nxc6 bxc6 6. e5 Qe7 7. Qe2 Nd5 8. h4 f6 9. exf6 Qxe2+ 10. Bxe2 Nxf6 11. Nc3 d5 12. Be3 Bd6 13. Na4 0-0 14. Rc1 Ng4 15. Bd4 Rf4 16. c3 Nxf2 17. 0-0 Ne4 18. Rxf4 Bxf4 19. Rf1 Bg3 20. Bd3 Bg4 21. Ba6 Bxh4 22. Bb7 Rd8 23. Bxa7 Ng3 24. Ra1 Ne2+ 25. Kh1 Rd6 26. Be3 g5 27. Ba6 Rh6 28. g3 Bf3+ 29. Kh2 Bxg3# 0-1